[Event "NOR-chT Elite 2324"]
[Site "Norway"]
[Date "2023.10.28"]
[Round "2.52"]
[White "Miezis, Normunds"]
[Black "Mikalsen, Erlend"]
[Result "1-0"]
[WhiteElo "2429"]
[BlackElo "2343"]
[PlyCount "41"]
[EventDate "2023.10.27"]
[EventType "team-tourn"]
[EventRounds "9"]
[EventCountry "NOR"]
[SourceTitle "Mega2024 Update 01"]
[Source "Chessbase"]
[SourceDate "2023.11.12"]
[SourceVersion "1"]
[SourceVersionDate "2023.11.12"]
[SourceQuality "1"]
[WhiteTeam "Asker"]
[BlackTeam "Alta"]
[WhiteTeamCountry "NOR"]
[BlackTeamCountry "NOR"]

1. c4 e5 2. Nc3 Bb4 3. Nd5 a5 4. Nf3 d6 5. a3 Bc5 6. e3 Nf6 7. d4 Nxd5 8. cxd5 exd4 9. exd4 Bb6 10. Bg5 f6 11. Be3 0-0 12. Bd3 Qe8 13. Qc2 Qh5 14. h3 f5 15. 0-0-0 f4 16. g4 Qh6 17. Bd2 Kh8 18. Rdg1 c6 19. h4 cxd5 20. Qb3 Bd8 21. Ng5 1-0

[Event "Kragero op"]
[Site "Kragero"]
[Date "2022.02.26"]
[Round "7"]
[White "Mikalsen, Erlend"]
[Black "Nikolic, Vladan"]
[Result "0-1"]
[WhiteElo "2368"]
[BlackElo "2218"]
[PlyCount "66"]
[EventDate "2022.02.23"]
[EventType "swiss"]
[EventRounds "9"]
[EventCountry "NOR"]
[SourceTitle "CBM 207 Extra"]
[Source "ChessBase"]
[SourceDate "2022.05.31"]
[SourceVersion "1"]
[SourceVersionDate "2022.05.31"]
[SourceQuality "1"]

1. e4 e5 2. Nf3 Nc6 3. Bb5 a6 4. Ba4 Nf6 5. d3 b5 6. Bb3 Bc5 7. Nc3 d6 8. Nd5 h6 9. c3 Ba7 10. Nxf6+ Qxf6 11. Bd5 Bd7 12. 0-0 Rb8 13. Be3 Bb6 14. a4 0-0 15. a5 Bxe3 16. fxe3 Ne7 17. Ba2 Ng6 18. d4 Qe7 19. Qd3 Be6 20. d5 Bd7 21. Ne1 Qg5 22. Nc2 f5 23. Nb4 fxe4 24. Qxe4 Bf5 25. Rxf5 Rxf5 26. Nxa6 Rbf8 27. Nxc7 Qf6 28. h3 Nh4 29. Ne6 Rf1+ 30. Rxf1 Qxf1+ 31. Kh2 Rf2 32. Nf4 Nf3+ 33. Qxf3 Rxf3 0-1

[Event "Kragero op"]
[Site "Kragero"]
[Date "2022.02.26"]
[Round "8"]
[White "Ptacnikova, Lenka"]
[Black "Mikalsen, Erlend"]
[Result "1/2-1/2"]
[WhiteElo "2173"]
[BlackElo "2368"]
[PlyCount "110"]
[EventDate "2022.02.23"]
[EventType "swiss"]
[EventRounds "9"]
[EventCountry "NOR"]
[SourceTitle "CBM 207 Extra"]
[Source "ChessBase"]
[SourceDate "2022.05.31"]
[SourceVersion "1"]
[SourceVersionDate "2022.05.31"]
[SourceQuality "1"]

1. Nf3 d5 2. g3 g6 3. Bg2 Bg7 4. 0-0 e5 5. d3 Ne7 6. e4 0-0 7. exd5 Nxd5 8. Nc3 Nc6 9. Bg5 f6 10. Bd2 Be6 11. Re1 Qd7 12. Ne4 b6 13. a3 a5 14. Nc3 Rae8 15. Qc1 g5 16. h4 h6 17. hxg5 hxg5 18. Nxd5 Bxd5 19. Be3 Ne7 20. Nh2 Bxg2 21. Kxg2 Kf7 22. Qd1 Rh8 23. Rh1 Qh3+ 24. Kg1 Rh7 25. Qf3 Reh8 26. Bxg5 Rh5 27. Bh4 Qe6 28. Qg4 Qxg4 29. Nxg4 f5 30. Ne3 f4 31. Nc4 Bf6 32. Re1 Ng6 33. Kf1 Bxh4 34. gxh4 Kf6 35. Ke2 Rxh4 36. Rxh4 Rxh4 37. Nd2 Rh2 38. Nf3 Rh5 39. Rg1 Ne7 40. Kd2 Nf5 41. Rg8 Nd6 42. Ke2 Rh1 43. Rg1 Rh5 44. Nd2 Rh2 45. Ne4+ Nxe4 46. dxe4 Rh8 47. Rd1 Ke6 48. a4 Rg8 49. b3 Rh8 50. Rd3 Rh1 51. Rd8 Rc1 52. Kd2 Rf1 53. Ke2 Rc1 54. Kd2 Rf1 55. Ke2 Rc1 1/2-1/2

[Event "Kragero op"]
[Site "Kragero"]
[Date "2022.02.24"]
[Round "4"]
[White "Thorhallsson, Simon"]
[Black "Mikalsen, Erlend"]
[Result "1/2-1/2"]
[WhiteElo "2245"]
[BlackElo "2368"]
[PlyCount "63"]
[EventDate "2022.02.23"]
[EventType "swiss"]
[EventRounds "9"]
[EventCountry "NOR"]
[SourceTitle "CBM 207 Extra"]
[Source "ChessBase"]
[SourceDate "2022.05.31"]
[SourceVersion "1"]
[SourceVersionDate "2022.05.31"]
[SourceQuality "1"]

1. e4 c5 2. Nf3 d6 3. d4 cxd4 4. Nxd4 Nf6 5. Nc3 Nc6 6. Bg5 e6 7. Qd3 Bd7 8. 0-0-0 a6 9. Be2 Be7 10. Kb1 b5 11. Nxc6 Bxc6 12. Bf3 Qb6 13. e5 dxe5 14. Bxc6+ Qxc6 15. Bxf6 Bxf6 16. Ne4 Be7 17. Rhe1 Rd8 18. Qf3 Rc8 19. c3 f5 20. Nd2 e4 21. Qe2 0-0 22. f3 Bd6 23. fxe4 Bxh2 24. exf5 exf5 25. Nf3 Bg3 26. Nd4 Qb7 27. Qe6+ Kh8 28. Re2 Rf6 29. Qe8+ Rf8 30. Qe6 Rf6 31. Qe8+ Rf8 32. Qe6 1/2-1/2

[Event "Fagernes op"]
[Site "Fagernes"]
[Date "2021.10.14"]
[Round "6"]
[White "Mikalsen, Erlend"]
[Black "Nikolic, Vladan"]
[Result "1-0"]
[WhiteElo "2373"]
[BlackElo "2216"]
[PlyCount "55"]
[EventDate "2021.10.10"]
[EventType "swiss"]
[EventRounds "9"]
[EventCountry "NOR"]
[SourceTitle "CBM 204 Extra"]
[Source "ChessBase"]
[SourceDate "2021.11.30"]
[SourceVersion "1"]
[SourceVersionDate "2021.11.30"]
[SourceQuality "1"]

1. e4 e5 2. Nc3 Nf6 3. Bc4 Nc6 4. d3 Bc5 5. f4 exf4 6. Bxf4 d6 7. Qd2 0-0 8. 0-0-0 Be6 9. Nge2 Bxc4 10. dxc4 Ng4 11. Rhf1 a6 12. Ng3 b5 13. Nf5 Ne7 14. Nxg7 Kxg7 15. h3 Ng8 16. hxg4 bxc4 17. e5 Rb8 18. Bg5 Qc8 19. Rf5 Kh8 20. Rh1 Qb7 21. b3 f6 22. exf6 Rf7 23. Nd5 cxb3 24. axb3 Bb4 25. Qd3 c6 26. Nf4 h6 27. Bxh6 Nxh6 28. Rxh6+ 1-0

[Event "Fagernes op"]
[Site "Fagernes"]
[Date "2021.10.12"]
[Round "3"]
[White "Al Tarbosh, Ward"]
[Black "Mikalsen, Erlend"]
[Result "1-0"]
[WhiteElo "2177"]
[BlackElo "2373"]
[PlyCount "73"]
[EventDate "2021.10.10"]
[EventType "swiss"]
[EventRounds "9"]
[EventCountry "NOR"]
[SourceTitle "CBM 204 Extra"]
[Source "ChessBase"]
[SourceDate "2021.11.30"]
[SourceVersion "1"]
[SourceVersionDate "2021.11.30"]
[SourceQuality "1"]

1. e4 c5 2. Nf3 d6 3. d4 cxd4 4. Nxd4 Nf6 5. Nc3 g6 6. Be2 Bg7 7. Be3 0-0 8. 0-0 Nc6 9. h3 Bd7 10. Qd2 Rc8 11. Rad1 a6 12. f4 b5 13. a3 Qc7 14. Nb3 Na5 15. Nxa5 Qxa5 16. e5 Nh5 17. Bxh5 gxh5 18. Nd5 Qxd2 19. Nxe7+ Kh8 20. Rxd2 Rce8 21. exd6 Bxb2 22. Bd4+ Bxd4+ 23. Rxd4 f5 24. Re1 Rf6 25. Re5 Kg7 26. Rc5 Rd8 27. Rc7 Kf8 28. Ra7 Re6 29. Kf2 h4 30. Rxa6 Kf7 31. Ra7 Kf6 32. c3 Be8 33. Nd5+ Kg6 34. Nc7 Rf6 35. Ra8 Rxa8 36. Nxa8 Kf7 37. d7 1-0

[Event "Fagernes op"]
[Site "Fagernes"]
[Date "2021.10.12"]
[Round "4"]
[White "Mikalsen, Erlend"]
[Black "Greicius, Pijus"]
[Result "1-0"]
[WhiteElo "2373"]
[BlackElo "2080"]
[PlyCount "59"]
[EventDate "2021.10.10"]
[EventType "swiss"]
[EventRounds "9"]
[EventCountry "NOR"]
[SourceTitle "CBM 204 Extra"]
[Source "ChessBase"]
[SourceDate "2021.11.30"]
[SourceVersion "1"]
[SourceVersionDate "2021.11.30"]
[SourceQuality "1"]

1. e4 e5 2. Nf3 Nc6 3. Bc4 Nf6 4. d4 exd4 5. e5 Ne4 6. Qe2 Nc5 7. 0-0 Be7 8. Rd1 0-0 9. Nxd4 Nxd4 10. Rxd4 Ne6 11. Rd1 Bg5 12. Nc3 Bxc1 13. Raxc1 Qg5 14. g3 Re8 15. h4 Qh6 16. Qf3 a6 17. Re1 Rb8 18. Rcd1 b5 19. Bd5 f6 20. exf6 Qxf6 21. Qh5 Qf7 22. Qg4 Bb7 23. Bxb7 Rxb7 24. Ne4 d6 25. Rxd6 Rbb8 26. Rxa6 Kh8 27. Nf6 Nc5 28. Rxe8+ Rxe8 29. Nxe8 Nxa6 30. Qc8 1-0

[Event "Norway Chess op"]
[Site "Stavanger"]
[Date "2021.09.16"]
[Round "9"]
[White "Hirneise, Jens"]
[Black "Mikalsen, Erlend"]
[Result "1-0"]
[WhiteElo "2289"]
[BlackElo "2380"]
[PlyCount "67"]
[EventDate "2021.09.10"]
[EventType "swiss"]
[EventRounds "10"]
[EventCountry "NOR"]
[SourceTitle "CBM 204 Extra"]
[Source "ChessBase"]
[SourceDate "2021.11.30"]
[SourceVersion "1"]
[SourceVersionDate "2021.11.30"]
[SourceQuality "1"]

1. e4 c5 2. Nf3 d6 3. d4 cxd4 4. Nxd4 Nf6 5. Nc3 g6 6. Be2 Bg7 7. 0-0 0-0 8. Re1 Nc6 9. Be3 Bd7 10. h3 Rc8 11. Nb3 Ne5 12. f4 Nc4 13. Bxc4 Rxc4 14. Qd3 b5 15. a4 a6 16. axb5 axb5 17. Nd4 Qb8 18. Ra5 Rfc8 19. Ndxb5 Nxe4 20. Nd5 Bf6 21. Na3 R4c5 22. Bxc5 Nxc5 23. Nxf6+ exf6 24. Qd4 Ne6 25. Qa7 Qb4 26. c3 Qxb2 27. Qxd7 Qxc3 28. Rf1 Qe3+ 29. Kh2 Rc1 30. Nc4 Rxc4 31. Ra7 Qxa7 32. Qxa7 Rxf4 33. Rxf4 Nxf4 34. Qd4 1-0

[Event "Norway Chess op"]
[Site "Stavanger"]
[Date "2021.09.15"]
[Round "7"]
[White "Mikalsen, Erlend"]
[Black "Gjestemoen Vonhirsch, Andre"]
[Result "1-0"]
[WhiteElo "2380"]
[BlackElo "2186"]
[PlyCount "41"]
[EventDate "2021.09.10"]
[EventType "swiss"]
[EventRounds "10"]
[EventCountry "NOR"]
[SourceTitle "CBM 204 Extra"]
[Source "ChessBase"]
[SourceDate "2021.11.30"]
[SourceVersion "1"]
[SourceVersionDate "2021.11.30"]
[SourceQuality "1"]

1. e4 c5 2. Nf3 d6 3. d4 cxd4 4. Nxd4 Nf6 5. Nc3 a6 6. Bc4 e6 7. Bb3 b5 8. 0-0 Nbd7 9. Bg5 Qc7 10. Re1 b4 11. Nd5 exd5 12. exd5+ Be7 13. Nf5 Ne5 14. Rxe5 dxe5 15. d6 Qa7 16. Nxe7 Be6 17. Qf3 Rd8 18. Bxf6 gxf6 19. Ba4+ Kf8 20. Nc6 Qb6 21. Qxf6 1-0

[Event "Norway Chess op"]
[Site "Stavanger"]
[Date "2021.09.14"]
[Round "6"]
[White "Blomqvist, Erik"]
[Black "Mikalsen, Erlend"]
[Result "1/2-1/2"]
[WhiteElo "2536"]
[BlackElo "2380"]
[PlyCount "83"]
[EventDate "2021.09.10"]
[EventType "swiss"]
[EventRounds "10"]
[EventCountry "NOR"]
[SourceTitle "CBM 204 Extra"]
[Source "ChessBase"]
[SourceDate "2021.11.30"]
[SourceVersion "1"]
[SourceVersionDate "2021.11.30"]
[SourceQuality "1"]

1. e4 c5 2. Nf3 d6 3. d4 cxd4 4. Nxd4 Nf6 5. Nc3 Nc6 6. Bg5 e6 7. Qd3 a6 8. Nxc6 bxc6 9. 0-0-0 Be7 10. Qg3 e5 11. f4 h6 12. fxe5 hxg5 13. exd6 Bf8 14. Bc4 Be6 15. Bxe6 fxe6 16. Qxg5 Kf7 17. Rhf1 Kg8 18. e5 Rh5 19. Qf4 Rf5 20. Qd4 c5 21. Qe3 Ng4 22. Qe4 Qg5+ 23. Kb1 Rxf1 24. Rxf1 Rb8 25. Qc4 Qxe5 26. Qxg4 Qxc3 27. Qxe6+ Kh7 28. b3 g6 29. Rf3 Qd2 30. Qf7+ Kh8 31. Qxg6 Bh6 32. Qf6+ Kh7 33. Qe7+ Kh8 34. Qe5+ Kh7 35. Qe7+ Kh8 36. Rf1 Qd4 37. d7 Bg7 38. Qe8+ Kh7 39. Qh5+ Kg8 40. Qe8+ Kh7 41. Qh5+ Kg8 42. Qe8+ 1/2-1/2

[Event "Norway Chess op"]
[Site "Stavanger"]
[Date "2021.09.13"]
[Round "5"]
[White "Carlsson, Ludvig"]
[Black "Mikalsen, Erlend"]
[Result "1-0"]
[WhiteElo "2369"]
[BlackElo "2380"]
[PlyCount "55"]
[EventDate "2021.09.10"]
[EventType "swiss"]
[EventRounds "10"]
[EventCountry "NOR"]
[SourceTitle "CBM 204 Extra"]
[Source "ChessBase"]
[SourceDate "2021.11.30"]
[SourceVersion "1"]
[SourceVersionDate "2021.11.30"]
[SourceQuality "1"]

1. d4 Nf6 2. c4 e6 3. Nf3 d5 4. Nc3 Be7 5. Bg5 h6 6. Bf4 0-0 7. e3 b6 8. g4 dxc4 9. g5 hxg5 10. Nxg5 Bb7 11. Rg1 c5 12. Bxc4 Bd5 13. Bxd5 exd5 14. Qd3 Nc6 15. 0-0-0 Nb4 16. Qb1 c4 17. Be5 Nd3+ 18. Rxd3 cxd3 19. Qxd3 Re8 20. Nh7 Rc8 21. Qf5 Rc6 22. Qg5 g6 23. Qh6 Qc8 24. Rxg6+ fxg6 25. Qxg6+ Kh8 26. Ng5 Rxc3+ 27. bxc3 Qxc3+ 28. Kd1 1-0

[Event "NOR-chT Elite 1920"]
[Site "Norway"]
[Date "2020.03.08"]
[Round "9.1"]
[White "Agdestein, Simen"]
[Black "Mikalsen, Erlend"]
[Result "1/2-1/2"]
[WhiteElo "2558"]
[BlackElo "2370"]
[PlyCount "55"]
[EventDate "2019.11.01"]
[EventType "team-tourn"]
[EventRounds "9"]
[EventCountry "NOR"]
[SourceTitle "CBM 195 Extra"]
[Source "ChessBase"]
[SourceDate "2020.05.31"]
[SourceVersion "1"]
[SourceVersionDate "2020.05.31"]
[SourceQuality "1"]
[WhiteTeam "OSS"]
[BlackTeam "Alta"]
[WhiteTeamCountry "NOR"]
[BlackTeamCountry "NOR"]

1. d4 Nf6 2. c4 e6 3. Nf3 b6 4. g3 Ba6 5. Qb3 Nc6 6. Bd2 d5 7. Qa4 Bb7 8. Bg2 Bd6 9. cxd5 exd5 10. 0-0 0-0 11. Nc3 Re8 12. Bg5 Be7 13. Rac1 h6 14. Bf4 Bd6 15. Bxd6 Qxd6 16. Nb5 Qe7 17. Ne5 a6 18. Nxc6 Bxc6 19. Rxc6 axb5 20. Qb3 Ra4 21. e3 Qd7 22. Rc2 Rc4 23. Rfc1 c5 24. dxc5 bxc5 25. Qd3 Qe6 26. Rxc4 bxc4 27. Qc2 Qe5 28. b3 1/2-1/2

[Event "Rilton Cup 49th"]
[Site "Stockholm"]
[Date "2020.01.02"]
[Round "6"]
[White "Piesik, Piotr"]
[Black "Mikalsen, Erlend"]
[Result "1/2-1/2"]
[WhiteElo "2417"]
[BlackElo "2361"]
[PlyCount "75"]
[EventDate "2019.12.27"]
[EventType "swiss"]
[EventRounds "9"]
[EventCountry "SWE"]
[SourceTitle "CBM 194 Extra"]
[Source "ChessBase"]
[SourceDate "2020.03.31"]
[SourceVersion "1"]
[SourceVersionDate "2020.03.31"]
[SourceQuality "1"]

1. Nf3 d5 2. d4 Nf6 3. c4 e6 4. Nc3 Be7 5. cxd5 exd5 6. Bg5 c6 7. Qc2 g6 8. e3 Bf5 9. Bd3 Bxd3 10. Qxd3 Nbd7 11. 0-0 0-0 12. Rab1 a5 13. a3 Re8 14. b4 axb4 15. axb4 Ne4 16. Bxe7 Qxe7 17. Qc2 b5 18. Nxe4 dxe4 19. Nd2 Rac8 20. Nb3 Nb6 21. Qc5 Qxc5 22. Nxc5 Nd5 23. Rb3 Ra8 24. f3 exf3 25. Rxf3 Ra1+ 26. Kf2 f5 27. Nd3 Ra2+ 28. Nb2 Re6 29. h3 h5 30. Kg1 Kg7 31. Nd3 Rxe3 32. Rxe3 Nxe3 33. Nf4 Nc4 34. Rg3 Ra1+ 35. Kf2 Ra2+ 36. Kg1 Ra1+ 37. Kf2 Ra2+ 38. Kg1 1/2-1/2

[Event "Melbourne Australasian GM"]
[Site "Melbourne"]
[Date "2019.12.14"]
[Round "1"]
[White "Kuybokarov, Temur"]
[Black "Mikalsen, Erlend"]
[Result "1-0"]
[WhiteElo "2496"]
[BlackElo "2361"]
[PlyCount "75"]
[EventDate "2019.12.14"]
[EventType "tourn"]
[EventRounds "9"]
[EventCountry "AUS"]
[EventCategory "6"]
[SourceTitle "CBM 193 Extra"]
[Source "ChessBase"]
[SourceDate "2020.01.31"]
[SourceVersion "1"]
[SourceVersionDate "2020.01.31"]
[SourceQuality "1"]

1. e4 c5 2. Nf3 d6 3. d4 cxd4 4. Nxd4 Nf6 5. Nc3 Nc6 6. Bg5 e6 7. Qd2 a6 8. 0-0-0 h6 9. Nxc6 bxc6 10. Bf4 d5 11. Qe3 Be7 12. Be2 0-0 13. h4 Nd7 14. Rh3 Kh7 15. Bd3 f5 16. exd5 exd5 17. Na4 Nf6 18. Nb6 Ng4 19. Qe2 Qxb6 20. Qxe7 Rg8 21. Be3 Nxe3 22. Rxe3 Rb8 23. Qe5 Rf8 24. Rf3 Kg8 25. g4 f4 26. g5 hxg5 27. hxg5 Bg4 28. Rh1 Bxf3 29. Bh7+ Kh8 30. Rh2 Qxb2+ 31. Qxb2 Rxb2 32. Bf5+ Kg8 33. Be6+ Rf7 34. g6 Rbb7 35. Rh4 Be4 36. gxf7+ Rxf7 37. Rxf4 Bg6 38. Ra4 1-0

[Event "Adelaide Lidums"]
[Site "Adelaide"]
[Date "2019.12.11"]
[Round "7"]
[White "Mikalsen, Erlend"]
[Black "Winkelman, Albert"]
[Result "1-0"]
[WhiteElo "2361"]
[BlackElo "2283"]
[PlyCount "109"]
[EventDate "2019.12.07"]
[EventType "tourn"]
[EventRounds "9"]
[EventCountry "AUS"]
[EventCategory "1"]
[SourceTitle "CBM 193 Extra"]
[Source "ChessBase"]
[SourceDate "2020.01.31"]
[SourceVersion "1"]
[SourceVersionDate "2020.01.31"]
[SourceQuality "1"]

1. e4 e5 2. Nc3 Nf6 3. Bc4 Nxe4 4. Qh5 Nd6 5. Bb3 Be7 6. Qxe5 0-0 7. d4 c6 8. Nf3 Ne8 9. d5 d6 10. Qf4 Nc7 11. 0-0 Nd7 12. Ne4 Nb6 13. dxc6 bxc6 14. Rd1 Ba6 15. Qg3 d5 16. Bh6 Ne8 17. Ned2 Bf6 18. c3 Nd6 19. Bf4 Nf5 20. Qh3 Bc8 21. g4 Ne7 22. Qg3 Ng6 23. Bc7 Qd7 24. h3 h5 25. gxh5 Ne7 26. Ne4 Kh8 27. Qf4 Qf5 28. Nxf6 Qxf6 29. Qxf6 gxf6 30. Kh2 Re8 31. Nd4 Bd7 32. Bc2 c5 33. Ne2 Bc6 34. Nf4 Nc4 35. b3 Ne5 36. Bxe5 fxe5 37. Nd3 Nf5 38. Nxc5 e4 39. Rg1 d4 40. cxd4 Nxd4 41. Bd1 Re5 42. Rc1 Rd8 43. Rg4 a5 44. a3 Nf3+ 45. Bxf3 exf3 46. Rc3 Re2 47. Kg3 Re5 48. Nd3 Re6 49. Nf4 Red6 50. Rg5 Re8 51. Rxa5 Rg8+ 52. Kh4 Rd4 53. Rc4 Rxc4 54. bxc4 Kh7 55. Rf5 1-0

[Event "Adelaide Lidums"]
[Site "Adelaide"]
[Date "2019.12.08"]
[Round "4"]
[White "Maguire, Tom"]
[Black "Mikalsen, Erlend"]
[Result "0-1"]
[WhiteElo "2139"]
[BlackElo "2361"]
[PlyCount "100"]
[EventDate "2019.12.07"]
[EventType "tourn"]
[EventRounds "9"]
[EventCountry "AUS"]
[EventCategory "1"]
[SourceTitle "CBM 193 Extra"]
[Source "ChessBase"]
[SourceDate "2020.01.31"]
[SourceVersion "1"]
[SourceVersionDate "2020.01.31"]
[SourceQuality "1"]

1. e4 c5 2. Nf3 d6 3. d4 cxd4 4. Nxd4 Nf6 5. Nc3 Nc6 6. Bg5 e6 7. Qd2 a6 8. 0-0-0 h6 9. Nxc6 bxc6 10. Bf4 d5 11. Qe3 Be7 12. Be2 0-0 13. h4 Nd7 14. e5 f6 15. exf6 Rxf6 16. g4 Qf8 17. g5 Bc5 18. Qh3 Rxf4 19. Qxe6+ Kh8 20. Qxc6 Ra7 21. Rxd5 Bxf2 22. Bd3 Rxh4 23. Rxh4 Bxh4 24. Qg6 Bxg5+ 25. Rxg5 Qf4+ 26. Kb1 Nf8 27. Qb6 Rb7 28. Qc5 hxg5 29. Qxc8 Rb8 30. Qxa6 Qb4 31. Nd1 Qd2 32. Be2 Re8 33. Nc3 Qe1+ 34. Bd1 g4 35. a4 g3 36. Qc6 Rd8 37. Qf3 Qg1 38. Ka2 Qh2 39. Ne4 g2 40. Ng5 g1Q 41. Nf7+ Kh7 42. Nxd8 Qh4 43. c3 Qgf2 44. Qd3+ g6 45. Bb3 Qhh2 46. Qb1 Qd2 47. Nf7 Nd7 48. a5 Nc5 49. Ne5 Qxe5 50. Qh1+ Qeh2 0-1

[Event "La Vega op 3rd"]
[Site "La Vega"]
[Date "2019.08.25"]
[Round "9"]
[White "Fernandez de La Vara, Arnaldo"]
[Black "Mikalsen, Erlend"]
[Result "1-0"]
[WhiteElo "2476"]
[BlackElo "2388"]
[PlyCount "91"]
[EventDate "2019.08.20"]
[EventType "swiss"]
[EventRounds "9"]
[EventCountry "DOM"]
[SourceTitle "EXT 2020"]
[Source "ChessBase"]
[SourceDate "2019.10.17"]
[SourceVersion "1"]
[SourceVersionDate "2019.10.17"]
[SourceQuality "1"]

1. e4 c5 2. Nf3 d6 3. Bb5+ Nd7 4. d4 cxd4 5. Qxd4 a6 6. Bxd7+ Bxd7 7. Nc3 e5 8. Qd3 h6 9. Nd2 Rc8 10. Nc4 Be6 11. Ne3 Qh4 12. 0-0 Nf6 13. f3 Be7 14. a4 0-0 15. Bd2 Rfd8 16. Rfd1 Rc5 17. Be1 Qg5 18. Bf2 Rcc8 19. Qd2 Qg6 20. Qe2 Nd7 21. Ncd5 Bf8 22. a5 f5 23. exf5 Bxf5 24. Nxf5 Qxf5 25. c4 Re8 26. Re1 Nf6 27. Rad1 Nh7 28. Bh4 Re6 29. b4 Qf7 30. f4 Ree8 31. fxe5 dxe5 32. Nb6 Bxb4 33. Rf1 Qe6 34. Nxc8 Rxc8 35. Rd5 e4 36. Bd8 Bd6 37. Bh4 Bc7 38. Rfd1 Bxa5 39. Rd7 Qxc4 40. Qg4 Ng5 41. Rxb7 e3 42. Qxc4+ Rxc4 43. Be1 Bc7 44. Rd3 Re4 45. Kf1 Bxh2 46. Ke2 1-0